| 000 | 00367nam a22001457a 4500 | ||
|---|---|---|---|
| 999 |
_c522869 _d522869 |
||
| 005 | 20190125120439.0 | ||
| 008 | 190125b ||||| |||| 00| 0 eng d | ||
| 040 | _cDLC | ||
| 082 |
_a891.439301 _bMUM |
||
| 100 |
_aMumtaz Mufti _9370 |
||
| 245 |
_aUn Kahi / _cMumtaz Mufti |
||
| 260 |
_aLahore : _bAlfaisal Publishers, _c2006. |
||
| 300 | _a212p. ; | ||
| 942 |
_2ddc _cBK |
||